| 000 | 01109nam a2200265 i 4500 | ||
|---|---|---|---|
| 001 | 171321 | ||
| 003 | ES-MaACL | ||
| 005 | 20250819003047.0 | ||
| 008 | 090511s1968 sp |||| | spa d | ||
| 017 | _aM 13663-1967 | ||
| 130 | 0 | 0 |
_aBiblia. _pA. T. _pLibros históricos. _lEspañol _9119268 |
| 245 | 1 | 0 |
_aLa Sagrada Escritura _b: Antiguo Testamento. _nII, _pConquista de Canaán y monarquía / _ctexto y comentario por Profesores de la Compañía de Jesús ; colaboran Félix Asensio, Fidel Buck y Francisco X. Rodríguez Molero ; dirige Juan Leal. |
| 260 |
_aMadrid : _b[La Editorial Católica], _c1968. |
||
| 300 |
_aXXVI, 1 h., 955 p. ; _c20 cm. |
||
| 490 | 1 |
_aBiblioteca de autores cristianos ; _v281 |
|
| 500 | _aÍndices. | ||
| 505 | 8 | _aContiene : Josué ; Jueces ; Rut ; Samuel ; Reyes ; Crónicas | |
| 700 | 0 |
_aLeal, Juan. _970969 |
|
| 700 | 0 |
_aAsensio, Félix. _9140071 |
|
| 700 | 1 |
_aBuck, Fidel. _9140074 |
|
| 700 | 0 |
_aRodríguez Molero, Francisco X. _998669 |
|
| 830 | 0 | 0 |
_aBiblioteca de autores cristianos _v281 _9178679 |
| 852 |
_aES-MaACL _jJ-275 _9R.46092 |
||
| 999 |
_c171321 _d171321 |
||